书目信息 |
| 题名: |
近世代数辅导与习题精解
|
|
| 作者: | 滕加俊 主编 | |
| 分册: | ||
| 出版信息: | 大连 大连理工大学出版社 2006.09 |
|
| 页数: | 290页 | |
| 开本: | 21cm | |
| 丛书名: | 高等学校数学学习辅导丛书 | |
| 单 册: | ||
| 中图分类: | O153 | |
| 科图分类: | ||
| 主题词: | 近代数学--jin dai shu xue--高等学校--教材 | |
| 电子资源: | ||
| ISBN: | 7-5611-3353-7 | |
| 000 | 01018nam 2200265 450 | |
| 001 | 012008726358 | |
| 005 | 20080419110607.60 | |
| 010 | @a7-5611-3353-7@dCNY13.80 | |
| 100 | @a20080419d2006 em y0chiy0120 ea | |
| 101 | 0 | @achi |
| 102 | @aCN@b210000 | |
| 105 | @ay z 000yy | |
| 106 | @ar | |
| 200 | 1 | @a近世代数辅导与习题精解@Ajin shi dai shu fu dao yu xi ti jing jie@f滕加俊主编@Fteng jia jun zhu bian |
| 210 | @a大连@c大连理工大学出版社@d2006.09 | |
| 215 | @a290页@d21cm | |
| 225 | 2 | @a高等学校数学学习辅导丛书@Agao deng xue xiao shu xue xue xi fu dao cong shu |
| 300 | @a配高教第二版 | |
| 330 | @a本书列出了各章的知识点考点精要,对重点、难点内容以及难以理解的问题给以详细剖析,并对典型题剖析解题思路,归纳解题经验和技巧。同时本书还对教材课后全部习题给出了详细解答。 | |
| 410 | 0 | @12001 @a高等学校数学学习辅导丛书 |
| 606 | 0 | @a近代数学@Ajin dai shu xue@x高等学校@j教材 |
| 690 | @aO153@v4 | |
| 701 | 0 | @a滕加俊@Ateng jia jun@4主编 |
| 801 | 0 | @aCN@bQSSK@c20080419 |
| 905 | @b292604-06@dO153@eT416@f3 | |
| 近世代数辅导与习题精解/滕加俊主编.-大连:大连理工大学出版社,2006.09 |
| 290页;21cm.-(高等学校数学学习辅导丛书) |
| 配高教第二版 |
| ISBN 7-5611-3353-7:CNY13.80 |
| 本书列出了各章的知识点考点精要,对重点、难点内容以及难以理解的问题给以详细剖析,并对典型题剖析解题思路,归纳解题经验和技巧。同时本书还对教材课后全部习题给出了详细解答。 |
| ● |
| 相关链接 |
|
|
|
正题名:近世代数辅导与习题精解
索取号:O153/T416
 
预约/预借
| 序号 | 登录号 | 条形码 | 馆藏地/架位号 | 状态 | 备注 |
| 1 | 292604 | 202926049 | 自科库401/401自科库 42排1列5层/ [索取号:O153/T416] | 在馆 | |
| 2 | 292605 | 202926058 | 自科库401/401自科库 42排1列5层/ [索取号:O153/T416] | 在馆 | |
| 3 | 292606 | 202926067 | 自科库401/401自科库 42排1列5层/ [索取号:O153/T416] | 在馆 |